LIBRARY & INFORMATION CENTRE, KCAET, TAVANUR

ONLINE PUBLIC ACCESS CATALOGUE (OPAC)

Dinantya kurippukal / (Record no. 12585)

MARC details
000 -LEADER
fixed length control field 00431cam a2200181ua 4500
041 ## - LANGUAGE CODE
Language code of text/sound track or separate title mal
082 ## - DEWEY DECIMAL CLASSIFICATION NUMBER
Classification number 894.812301
Item number PAR/DI
100 ## - MAIN ENTRY--AUTHOR NAME
Personal name Parappurath, .
245 ## - TITLE STATEMENT
Title Dinantya kurippukal /
250 ## - EDITION STATEMENT
Edition statement 1 /
260 ## - PUBLICATION, DISTRIBUTION, ETC. (IMPRINT)
Place of publication Konni :
Name of publisher Venus Press & Book Depot,.
300 ## - PHYSICAL DESCRIPTION
Number of Pages 86 ; .
942 ## - ADDED ENTRY ELEMENTS (KOHA)
Koha item type Books
Holdings
Withdrawn status Lost status Damaged status Home library Current library Date acquired Full call number Accession Number Koha item type
Withdrawn     KAUAET Sanskrit University 07/04/2012 894.812301 924 Books
free website counter